000 00931nam a2200313Ia 4500
003 OSt
005 20220912145242.0
006 a|||||r|||| 00| 0
007 ta
008 220909b |||||||| |||| 00| 0 eng d
020 _a9780470026724 (hbd)
024 _a82027
037 _b144, 07/10/2008, Dhanraj Book House
037 _cTextual
040 _aCSL
_beng
_cCSL
041 _aeng
082 _aH422, P8
100 _aRice Stephen P Ed.
245 0 _aRiver confluences, tributaries and the fluvial network
260 _aNew Jersey
_bJohn Wiley and Sons
_c2008
300 _axvi, 456p.
_ccm.
650 _a River
650 _a River confluences
650 _aGeology
700 _a Rhoads Bruce L Ed.
700 _a Roy Andre G Ed.
942 _hH422, P8
_cTEXL
_2CC
999 _c26949
_d26949